000 00524nam a2200181Ia 4500
001 22718
005 20260414150849.0
008 260414t2013||||xx |||||||||||||| ||spa||
041 _aESP
082 _a621.3848
_bF11
100 _aFabrizio, Giuseppe Aureliano
_eAUT
245 0 _aHigh frequency over-the-horizon radar :
_bfundamental principles,signal processing, and practical applications
260 _c2013
300 _axxii, 922 páginas :
_c24 cm.
650 _aTCA
654 _aCET
942 _cLIB
_dJUS
_fJUS
_2ddc
_n
999 _c22718
_d22718